LEADER 02655nam 2200565Ia 450 001 9910456073403321 005 20200520144314.0 010 $a0-309-51633-1 035 $a(CKB)110986584753012 035 $a(EBL)3375368 035 $a(SSID)ssj0000129007 035 $a(PQKBManifestationID)11138953 035 $a(PQKBTitleCode)TC0000129007 035 $a(PQKBWorkID)10069554 035 $a(PQKB)11545051 035 $a(MiAaPQ)EBC3375368 035 $a(Au-PeEL)EBL3375368 035 $a(CaPaEBR)ebr10038641 035 $a(OCoLC)923255874 035 $a(EXLCZ)99110986584753012 100 $a20000815d2000 uy 0 101 0 $aeng 135 $aur|n|---||||| 181 $ctxt 182 $cc 183 $acr 200 14$aThe consequences of maternal morbidity and maternal mortality$b[electronic resource] $ereport of a workshop /$fCommittee on Population ; Holly E. Reed, Marjorie A. Koblinsky, and W. Henry Mosley, editors ; Commission on Behavioral and Social Sciences and Education, National Research Council 210 $aWashington, DC $cNational Academy Press$d2000 215 $a1 online resource (44 p.) 300 $aWorkshop on the Consequences of Pregnancy, Maternal Morbidity, and Mortality for Women, Their Families, and Society, October 19-20, 1998, Committee on Population, National Research Council of the National Academy of Sciences, 2101 Constitution Avenue, NW, NAS Board Room, Washington, DC. 311 $a0-309-06943-2 320 $aIncludes bibliographical references (p. 19-22). 327 $a""Front Matter""; ""Contents""; ""Preface""; ""The Consequences of Maternal Morbidity and Maternal Mortality""; ""EVIDENCE ON THE CONSEQUENCES OF MATERNAL MORTALITY""; ""EVIDENCE ON THE CONSEQUENCES OF MATERNAL MORBIDITY""; ""OPPORTUNITIES FOR FURTHER RESEARCH""; ""References""; ""APPENDIX A Definitions""; ""APPENDIX B Workshop Agenda"" 606 $aMaternal health services$vCongresses 606 $aMothers$xMortality$vCongresses 608 $aElectronic books. 615 0$aMaternal health services 615 0$aMothers$xMortality 676 $a362.1 701 $aReed$b Holly$0884669 701 $aKoblinsky$b Marjorie A$0971105 701 $aMosley$b W. Henry$g(Wiley Henry),$f1933-$01043985 712 12$aWorkshop on the Consequences of Pregnancy, Maternal Morbidity, and Mortality for Women, Their Families, and Society$f(1998 :$eWashington, D.C.) 801 0$bMiAaPQ 801 1$bMiAaPQ 801 2$bMiAaPQ 906 $aBOOK 912 $a9910456073403321 996 $aThe consequences of maternal morbidity and maternal mortality$92469306 997 $aUNINA LEADER 01705oam 2200397zu 450 001 9910872685303321 005 20241212214931.0 035 $a(CKB)111026746726172 035 $a(SSID)ssj0000454747 035 $a(PQKBManifestationID)12150190 035 $a(PQKBTitleCode)TC0000454747 035 $a(PQKBWorkID)10397726 035 $a(PQKB)10610254 035 $a(NjHacI)99111026746726172 035 $a(EXLCZ)99111026746726172 100 $a20160829d1999 uy 101 0 $aeng 135 $aur||||||||||| 181 $ctxt 182 $cc 183 $acr 200 10$a1999 IEEE/ASME Joint Railroad Conference 210 31$a[Place of publication not identified]$cIEEE$d1999 215 $a1 online resource (24 pages) 300 $aBibliographic Level Mode of Issuance: Monograph 311 08$a9780780355330 311 08$a0780355334 330 $aMass Transit System Designers, Electric Powered Vehicle Designers, Safety Signaling Designers This conference ranges from the continuing study of the wheel-rail interface, a topic so fundamental to the whole process, to the matter of software safety, a topic so relevant in this age of computer control of rail vehicles. The proceedings begin with an emphasis on traction power. There is a mechanical focus on structural integrity and crashworthiness, a field in which America can justifiably claim to be a world leader_and on ride quality and trucks from both the passenger and freight vehicle standpoints. 606 $aRailroad engineering$vCongresses 615 0$aRailroad engineering 676 $a625.1 801 0$bPQKB 906 $aPROCEEDING 912 $a9910872685303321 996 $a1999 IEEE$92504366 997 $aUNINA